Pierre Garnier - Chaque seconde (Paroles) - Statistiques

Statistiques générales
  • Ce quiz a été pris 437 fois
  • Le résultat moyen est 226 sur 307
Statistiques - réponses
Paroles % Correct
le
97%
J'ai
94%
j'ai
94%
la
93%
se
93%
te
93%
À
92%
à
92%
chaque
91%
Je
90%
je
90%
seconde
90%
de
89%
et
88%
Et
88%
fait
88%
monde
87%
ma
86%
parcouru
86%
les
85%
dire
84%
mais
84%
Mais
84%
on
84%
On
84%
pas
82%
tour
82%
jamais
81%
Jamais
81%
sans
81%
Sans
81%
vécu
81%
Terre
80%
ce
79%
dans
79%
en
79%
traversé
79%
jour
78%
planète
78%
que
78%
Qu'un
78%
trouvé
78%
me
77%
tête
77%
fête
76%
partout
76%
Partout
76%
penser
76%
rien
76%
t'oublier
76%
mieux
75%
secret
75%
sur
75%
t'étais
74%
va
74%
années
73%
tu
73%
faire
72%
ça
71%
l'admettre
71%
voulais
71%
retrouverait
69%
J'voulais
68%
rire
68%
pour
67%
déjà
65%
soir
65%
maison
63%
trop
62%
tard
61%
heureux
60%
J'rentre
59%
m'enfuir
59%
voulu
59%
savais
56%
voyais
56%
Parce
53%
peu
53%
adieux
52%
Dis-moi
52%
veux
52%
qu'c'est
51%
qu'c'est
50%
doué
49%
J'avais
49%
j'avais
49%
temps
49%
j'suis
48%
un
48%
besoin
46%
c'que
46%
toi
46%
toi,
46%
fois
43%
Maintenant
43%
c'est
42%
qu'on
42%
Qu'on
42%
des
40%
j'peux
39%
Avec
38%
sais
38%
si
37%
deux
36%
l'avenir
36%
vois
36%
souvenirs
35%
suis
35%
mentir
34%
tous
33%
encore
32%
cette
31%
voyages
31%
cherché
29%
fasse
29%
m'aimes
29%
plus
29%
première
29%
tes
29%
J'espère
28%
J'veux
28%
vu
28%
autant
26%
j'aimerais
26%
pourrait
26%
s'enfuir
25%
yeux
25%
regardé
24%
vas
24%
Aucun quiz correspondant
Distribution des résultats
% des personnes avec chaque résultat
Percentile par nombre de réponses
Votre historique - résultats
Vous n’avez pas pris ce quiz